Filosofía y psicología: argumentación, programa de estudio, tercer o cuarto año medio

Gorde:
Xehetasun bibliografikoak
Erakunde egilea: Ministerio de Educación (Egilea)
Formatua: Liburua
Hizkuntza:gaztelania
Argitaratua: Santiago Ministerio de Educación 2003
Saila:Educación Media, Formación Diferenciada Humanístico-Científica
Gaiak:
Etiketak: Etiketa erantsi
Etiketarik gabe, Izan zaitez lehena erregistro honi etiketa jartzen!

MARC

LEADER 00000nam a2200000 a 4500
001 UCL0107
003 CL-VaPUC
008 030612e20030000CL |||||||||||||||||spa|d
082 0 4 |a 107.12  |b MIN  |2 21 
110 2 |a Ministerio de Educación  |e author  |9 476820 
245 1 0 |a Filosofía y psicología: argumentación, programa de estudio, tercer o cuarto año medio 
300 |a 174 p 
942 |c BK 
945 |d 20030612 00:00:00  |a cmena 
260 |a Santiago  |b Ministerio de Educación  |c 2003 
650 0 |a Programas de educación  |9 339040 
650 0 |a Enseñanza de la filosofía   |9 256848 
650 0 |a Psicología   |9 257863 
583 |a last modification  |c 20170828 10:08:20  |k Rodrigo Vera 
490 0 |a Educación Media, Formación Diferenciada Humanístico-Científica 
999 |c 304134  |d 304132 
952 |0 0  |1 0  |4 0  |6 107_120000000000000_MIN_2003  |7 0  |8 R  |9 365959  |a BIBEDU  |b BIBEDU  |d 2019-11-21  |i 3912590  |o 107.12 MIN 2003  |p 3912590  |r 2019-11-21  |w 2019-11-21  |y BK_R  |k EDU